Aristoteles' Physik : (Record no. 131227)
[ view plain ]
| 000 -LEADER | |
|---|---|
| fixed length control field | 01393cam a2200361 a 4500 |
| 001 - CONTROL NUMBER | |
| control field | 1012445 |
| 003 - CONTROL NUMBER IDENTIFIER | |
| control field | ARRUPE |
| 005 - DATE AND TIME OF LATEST TRANSACTION | |
| control field | 20220405082210.0 |
| 008 - FIXED-LENGTH DATA ELEMENTS--GENERAL INFORMATION | |
| fixed length control field | 871021m19871988gw b 000 0 ger |
| 010 ## - LIBRARY OF CONGRESS CONTROL NUMBER | |
| LC control number | 87165215 |
| 020 ## - INTERNATIONAL STANDARD BOOK NUMBER | |
| International Standard Book Number | 3787306498 (1. Halbbd.) |
| 020 ## - INTERNATIONAL STANDARD BOOK NUMBER | |
| International Standard Book Number | 3787307125 (2. Halbbd. : Deut. Bibl.) |
| 040 ## - CATALOGING SOURCE | |
| Original cataloging agency | DLC |
| Transcribing agency | DLC |
| Modifying agency | DLC |
| 041 1# - LANGUAGE CODE | |
| Language code of text/sound track or separate title | gergrc |
| Language code of original and/or intermediate translations of text | grc |
| 050 00 - LIBRARY OF CONGRESS CALL NUMBER | |
| Classification number | Q151 |
| Item number | .A74 1987 |
| 300 ## - PHYSICAL DESCRIPTION | |
| Dimensions | 19 cm. |
| 100 0# - MAIN ENTRY--PERSONAL NAME | |
| Personal name | Aristotle. |
| 240 10 - UNIFORM TITLE | |
| Uniform title | <a href="Physics.">Physics.</a> |
| Language of a work | German & Greek |
| 245 10 - TITLE STATEMENT | |
| Title | Aristoteles' Physik : |
| Remainder of title | Vorlesung über Natur : Griechisch-Deutsch / |
| Statement of responsibility, etc | übersetzt, mit einer Einleitung und mit Anmerkungen herausgegeben von Hans Günter Zekl. |
| 246 30 - VARYING FORM OF TITLE | |
| Title proper/short title | Vorlesung über Natur |
| 260 ## - PUBLICATION, DISTRIBUTION, ETC. (IMPRINT) | |
| Place of publication, distribution, etc | Hamburg : |
| Name of publisher, distributor, etc | F. Meiner, |
| Date of publication, distribution, etc | c1987-c1988. |
| 300 ## - PHYSICAL DESCRIPTION | |
| Extent | 2 v. ; |
| 490 0# - SERIES STATEMENT | |
| Series statement | Philosophische Bibliothek ; |
| Volume number/sequential designation | Bd. 380-381 |
| 504 ## - BIBLIOGRAPHY, ETC. NOTE | |
| Bibliography, etc | Includes bibliographies and indexes. |
| 505 0# - FORMATTED CONTENTS NOTE | |
| Formatted contents note | 1. Halbbd. Bücher I(A)-IV(D) -- 2. Halbbd. Bücher V(E)-VIII(TH) |
| 600 00 - SUBJECT ADDED ENTRY--PERSONAL NAME | |
| Personal name | Aristotle. |
| Title of a work | Physics. |
| 9 (RLIN) | 51165 |
| 650 #0 - SUBJECT ADDED ENTRY--TOPICAL TERM | |
| Topical term or geographic name as entry element | Science, Ancient. |
| 9 (RLIN) | 50317 |
| 650 #0 - SUBJECT ADDED ENTRY--TOPICAL TERM | |
| Topical term or geographic name as entry element | Philosophy of nature |
| General subdivision | Early works to 1800. |
| 9 (RLIN) | 51166 |
| 650 #0 - SUBJECT ADDED ENTRY--TOPICAL TERM | |
| Topical term or geographic name as entry element | Physics |
| General subdivision | Early works to 1800. |
| 9 (RLIN) | 16268 |
| 700 1# - ADDED ENTRY--PERSONAL NAME | |
| Personal name | Zekl, Hans Günter. |
| 9 (RLIN) | 51167 |
| 906 ## - LOCAL DATA ELEMENT F, LDF (RLIN) | |
| a | 7 |
| b | cbc |
| c | orignew |
| d | 2 |
| e | ncip |
| f | 19 |
| g | y-gencatlg |
| 942 ## - ADDED ENTRY ELEMENTS (KOHA) | |
| Source of classification or shelving scheme | Library of Congress Classification |
| Koha item type | Monograph ( Printed materials) |
| Withdrawn status | Lost status | Source of classification or shelving scheme | Damaged status | Not for loan | Collection code | Home library | Current library | Shelving location | Date acquired | Total Checkouts | Full call number | Barcode | Date last seen | Price effective from | Koha item type |
|---|---|---|---|---|---|---|---|---|---|---|---|---|---|---|---|
| Library of Congress Classification | Main Collection | ARRUPE LIBRARY | ARRUPE LIBRARY | Main Collection | 05/04/2022 | Q151 .A74 1987 | 46600008419 | 05/04/2022 | 05/04/2022 | Monograph ( Printed materials) |